000 00561nam a2200217 i 4500
001 C2-0231234
003 PPAK
005 20180728084325.0
008 001115s xx |||| ||||| | eng d
040 _aPPAK
_beng
_cPPAK
_erda
082 0 4 _a326
_223
090 0 0 _a326
_bDRE
_dKIH
100 1 _aDrewes, G.W.J.,
_eauthor
245 1 0 _aEight studies : marking its first decade
300 _a66 pages ;
_c24 cm
336 _2rdacontent
_atext
337 _2rdamedia
_aunmediated
338 _2rdacarrier
_avolume
650 1 0 _aWomen's rights
942 _ddc
_cB
999 _c150666
_d150666